| Tag |
First Indicator |
Second Indicator |
Subfields |
| LEADER |
00000pam a2200000 a 4500 |
| 001 |
in00000096526 |
| 005 |
20150923174139.0 |
| 008 |
820512s1982 coua b 10100 eng |
| 010 |
|
|
|a 82008637
|
| 020 |
|
|
|a 0865319057 (soft) :
|c $20.00 (est.)
|
| 035 |
|
|
|a (OCoLC)08476113
|
| 035 |
|
|
|9 AAK8654AM
|
| 039 |
0 |
|
|a 2
|b 3
|c 3
|d 3
|e 3
|
| 040 |
|
|
|a DLC
|c DLC
|d TXA
|d UtOrBLW
|
| 043 |
|
|
|a n-us---
|
| 049 |
|
|
|a TXAM
|c [1272705]
|
| 050 |
0 |
0 |
|a HN90 C6
|b C675 1982
|
| 082 |
0 |
|
|a 307/.14
|2 19
|
| 245 |
0 |
0 |
|a Coping with rapid growth in rural communities /
|c edited by Bruce A. Weber and Robert E. Howell.
|
| 264 |
|
1 |
|a Boulder, Colo. :
|b Westview Press,
|c 1982.
|
| 300 |
|
|
|a xxix, 284 pages :
|b illustrations ;
|c 23 cm.
|
| 336 |
|
|
|a text
|b txt
|2 rdacontent
|
| 337 |
|
|
|a unmediated
|b n
|2 rdamedia
|
| 338 |
|
|
|a volume
|b nc
|2 rdacarrier
|
| 490 |
0 |
|
|a A Westview replica edition
|
| 500 |
|
|
|a Revised papers presented at a symposium held in Scottsdale, Ariz. in 1980.
|
| 504 |
|
|
|a Includes bibliographies and indexes.
|
| 650 |
|
0 |
|a Rural development
|z United States
|v Congresses.
|
| 700 |
1 |
|
|a Weber, Bruce A.
|
| 700 |
1 |
|
|a Howell, Robert E.
|
| 999 |
|
|
|a MARS
|
| 999 |
f |
f |
|s 169431e9-8f9e-30fb-b1f2-61f4291d901a
|i 4510cbba-af3b-32d8-8ff1-11cabff8660d
|t 0
|
| 952 |
f |
f |
|p ric
|a Texas A&M University
|b Rellis Campus
|c Joint Library Facility
|d Remote Storage
|t 0
|e HN90 C6 C675 1982
|h Library of Congress classification
|i unmediated -- volume
|m A14806037816
|
| 998 |
f |
f |
|a HN90 C6 C675 1982
|t 0
|l Remote Storage
|